000 00962nam a2200265 a 4500
001 78718
003 BD-RjUL
005 20211209083151.0
008 211108s2007 ua b f000 0 arar
020 _a9774197569
035 _a(BD-RjUL) 78944
040 _aSTF
_cSTF
_bara
041 _aara
082 _223
_a892.710297
_bFAF 2007
100 1 _aفريد, ماهر شفيق.;; Farid, Maher Shafiq
_d1910-2005
_9249539
245 1 0 _aفي الأدب والنقد ;; fī al-adab wa-al-naqd /
_cماهر شفيق فريد ;; Maher Shafiq Farid
260 _bدار المعارف،
_c1999
_aQahira
300 _a530 p. ;
_c22 cm.
504 _aIncludes bibliographical references.
650 0 _aArabic poetry
_xReligious aspects
_xIslam.
_9249540
650 0 _aArabic literature
_xReligious aspects
_xIslam.
_9249541
650 0 _aCriticism
_xReligious aspects
_xIslam.
_9249542
650 0 _aArabic literature
_xHistory and criticism.
_9249543
942 _2ddc
_cBK
999 _c78718
_d78718